हरी नारायण (Record no. 953541)

MARC details
000 -LEADER
fixed length control field 00393nam a2200133Ia 4500
008 - FIXED-LENGTH DATA ELEMENTS--GENERAL INFORMATION
fixed length control field 151001s9999||||xx |||||||||||||| ||und||
100 ## - MAIN ENTRY--PERSONAL NAME
Personal name भीमराव कुलकर्णी
245 ## - TITLE STATEMENT
Title हरी नारायण
250 ## - EDITION STATEMENT
Edition statement 1
260 ## - PUBLICATION, DISTRIBUTION, ETC. (IMPRINT)
Name of publisher, distributor, etc विदर्भ -मराठवाडा बुक कंपनी पुणे
260 ## - PUBLICATION, DISTRIBUTION, ETC. (IMPRINT)
Date of publication, distribution, etc 1964
300 ## - PHYSICAL DESCRIPTION
Extent 204
365 ## - TRADE PRICE
Price amount 7

No items available.